| 000 | 00504nmm a2200169Ia 4500 | ||
|---|---|---|---|
| 008 | 251105s9999||||xx |||||||||||||||||und|| | ||
| 020 | _a9788413052151 | ||
| 041 | _aspa | ||
| 100 | _aBravo Castillo, Juan | ||
| 245 | 0 | _aBreve historia de los Premios Nobel de Literatura I | |
| 264 |
_a[Madrid, España] : _bEdiciones Nowtilus, _c2022 |
||
| 300 | _a326 páginas | ||
| 490 | _aBreve historia | ||
| 650 | _aHistory (General) | ||
| 856 | _uhttps://public.digitaliapublishing.com/a/171973 | ||
| 942 | _cCF | ||
| 999 |
_c76348 _d76348 |
||